00535nam a22001577a 4500003000400000082001800004100001800022245009200040260004400132300000800176650002800184653002800212942001200240952010800252999001700360SGT a617.601bP19B aBansal, Meena aPersonality characteristics, Dental anxiety and oral health in Indian Adults aged 35-44 aGurugram, HaryanabSGT Universityc2019 a154 aPublic Health Dentistry aPublic Health Dentistry 2ddccTH 00102ddc405171aFDbFDd2023-04-18iSGTUo617.601 P19BpDT1526r2023-04-18 00:00:00w2023-04-18yTH c23894d23894